000 00271nam a2200109Ia 4500
001 1272370
005 20260417151427.0
008 260417s9999 xx 000 0 und d
020 _a9786256999541
245 0 _aKuşların Dili
_cCahit Zarifoğlu
260 _bKetebe Çocuk
999 _c1272370
_d1272370